| 000 | 00489nam a2200181Ia 4500 | ||
|---|---|---|---|
| 005 | 20250603145127.0 | ||
| 008 | 250603s9999 xx 000 0 und d | ||
| 020 | _a97811349463367 | ||
| 050 | _aT 173.8 .I56/ | ||
| 100 | _aEdited by Frantz Rowe & Dov Te’eni | ||
| 245 | 0 | _aInnovation and IT in an international context: R&D strategy and operations | |
| 260 | _aNew York | ||
| 260 | _bPalgrave macmillan | ||
| 260 | _c2014 | ||
| 300 | _a288 p | ||
| 650 | _aNew York | ||
| 942 | _cBK | ||
| 999 |
_c40956 _d40956 |
||